000 01411nam a2200325Ia 4500
001 ebr10254942
003 CaPaEBR
006 m u
007 cr cn|||||||||
008 080222s2008 enk sb 001 0 eng d
010 _z 2008006975
020 _z9780754663768 (hardback : alk. paper)
040 _aCaPaEBR
_cCaPaEBR
035 _a(OCoLC)503445710
050 1 4 _aBV825.54
_b.K46 2008eb
082 0 4 _a264/.03036
_222
100 1 _aKennedy, David,
_d1957-
245 1 0 _aEucharistic sacramentality in an ecumenical context
_h[electronic resource] :
_bthe Anglican epiclesis /
_cDavid J Kennedy.
260 _aAldershot, Hants, England ;
_aBurlington, VT :
_bAshgate,
_cc2008.
300 _aix, 259 p.
490 1 _aAshgate new critical thinking in religion, theology, and biblical studies
504 _aIncludes bibliographical references and index.
533 _aElectronic reproduction.
_bPalo Alto, Calif. :
_cebrary,
_d2011.
_nAvailable via World Wide Web.
_nAccess may be limited to ebrary affiliated libraries.
650 0 _aEpiclesis.
650 0 _aEucharistic prayers
_xAnglican Communion.
655 7 _aElectronic books.
_2local
710 2 _aebrary, Inc.
830 0 _aAshgate new critical thinking in religion, theology, and biblical studies.
856 4 0 _uhttp://site.ebrary.com/lib/rucke/Doc?id=10254942
_zAn electronic book accessible through the World Wide Web; click to view
999 _c34040
_d34040